[Event "10th PKWN Festival it"]
[Site "Lublin POL"]
[Date "1974.??.??"]
[Round "14"]
[White "Damjanovic, Mato"]
[Black "Lengyel, Levente"]
[Result "1/2-1/2"]
[WhiteElo "2460"]
[BlackElo "2420"]
[EventDate "1974.07.15"]
[PlyCount "28"]

1.e4 e5 2.Nf3 Nc6 3.Bb5 a6 4.Ba4 Nf6 5.O-O Be7 6.Bxc6 dxc6 7.d3 Nd7 8.Nbd2
O-O 9.Nc4 f6 10.Nh4 Nc5 11.Nf5 Bxf5 12.exf5 Re8 13.Re1 Bf8 14.Nd2 Qd7 
1/2-1/2

[Event "10th PKWN Festival it"]
[Site "Lublin POL"]
[Date "1974.??.??"]
[Round "14"]
[White "Estrin, Yakov"]
[Black "Suba, Mihai"]
[Result "1/2-1/2"]
[WhiteElo "2450"]
[BlackElo "2460"]
[EventDate "1974.07.15"]
[PlyCount "20"]

1.e4 Nf6 2.Nc3 d5 3.exd5 Nxd5 4.Bc4 e6 5.Nf3 Be7 6.O-O O-O 7.d4 Nxc3 8.
bxc3 c5 9.Qe2 Nd7 10.Re1 Nf6 1/2-1/2

[Event "10th PKWN Festival it"]
[Site "Lublin POL"]
[Date "1974.??.??"]
[Round "14"]
[White "Szymczak, Zbigniew"]
[Black "Georgadze, Tamaz"]
[Result "1/2-1/2"]
[WhiteElo "2200"]
[BlackElo "2435"]
[EventDate "1974.07.15"]
[PlyCount "22"]

1.Nf3 c5 2.c4 Nf6 3.g3 b6 4.Bg2 Bb7 5.O-O e6 6.Nc3 Be7 7.d4 cxd4 8.Qxd4 
O-O 9.Rd1 Nc6 10.Qf4 Qb8 11.Qxb8 Raxb8 1/2-1/2

[Event "10th PKWN Festival it"]
[Site "Lublin POL"]
[Date "1974.??.??"]
[Round "14"]
[White "Tal, Mikhail"]
[Black "Pribyl, Josef"]
[Result "1/2-1/2"]
[WhiteElo "2635"]
[BlackElo "2455"]
[EventDate "1974.07.15"]
[PlyCount "29"]

1.e4 c5 2.Nf3 Nf6 3.Nc3 Nc6 4.Bb5 e6 5.O-O Be7 6.e5 Nd5 7.Ne4 f5 8.Nc3 O-O
9.d4 a6 10.Nxd5 exd5 11.Be2 c4 12.b3 b5 13.a4 Rb8 14.axb5 axb5 15.bxc4 
1/2-1/2

[Event "10th PKWN Festival it"]
[Site "Lublin POL"]
[Date "1974.??.??"]
[Round "14"]
[White "Vogt, Lothar"]
[Black "Liebert, Heinz"]
[Result "1/2-1/2"]
[WhiteElo "2430"]
[BlackElo "2445"]
[EventDate "1974.07.15"]
[PlyCount "31"]

1.Nf3 Nf6 2.g3 b6 3.Bg2 Bb7 4.O-O e6 5.c4 Be7 6.d4 O-O 7.Nc3 Ne4 8.Nxe4 
Bxe4 9.Ne1 Bxg2 10.Nxg2 d5 11.Qa4 c5 12.Be3 cxd4 13.Bxd4 dxc4 14.Qxc4 Qc8 
15.Rac1 Nd7 16.Qxc8 1/2-1/2

[Event "10th PKWN Festival it"]
[Site "Lublin POL"]
[Date "1974.??.??"]
[Round "15"]
[White "Adamski, Jan"]
[Black "Estrin, Yakov"]
[Result "1/2-1/2"]
[WhiteElo "2405"]
[BlackElo "2450"]
[EventDate "1974.07.15"]
[PlyCount "24"]

1.Nf3 Nf6 2.d4 d5 3.c4 e6 4.Nc3 Bb4 5.e3 c5 6.Be2 O-O 7.O-O dxc4 8.Bxc4 
Nbd7 9.Bd3 b6 10.a3 cxd4 11.axb4 dxc3 12.bxc3 Bb7 1/2-1/2

[Event "10th PKWN Festival it"]
[Site "Lublin POL"]
[Date "1974.??.??"]
[Round "15"]
[White "Georgadze, Tamaz"]
[Black "Damjanovic, Mato"]
[Result "1/2-1/2"]
[WhiteElo "2435"]
[BlackElo "2460"]
[EventDate "1974.07.15"]
[PlyCount "27"]

1.e4 c5 2.Nf3 Nc6 3.d4 cxd4 4.Nxd4 Qc7 5.Nb5 Qb8 6.c4 Nf6 7.N1c3 e6 8.Be3 
d6 9.Be2 Be7 10.O-O O-O 11.Na3 b6 12.Qd2 Bb7 13.Rfd1 Ne5 14.f3 1/2-1/2

[Event "10th PKWN Festival it"]
[Site "Lublin POL"]
[Date "1974.??.??"]
[Round "15"]
[White "Grabczewski, Romuald"]
[Black "Vogt, Lothar"]
[Result "1/2-1/2"]
[WhiteElo "2425"]
[BlackElo "2430"]
[EventDate "1974.07.15"]
[PlyCount "26"]

1.e4 e5 2.Nf3 Nc6 3.Bb5 a6 4.Ba4 Nf6 5.O-O Be7 6.Re1 b5 7.Bb3 d6 8.c3 O-O 
9.d4 Bg4 10.d5 Na5 11.Bc2 c6 12.dxc6 Qc7 13.h3 Be6 1/2-1/2

[Event "10th PKWN Festival it"]
[Site "Lublin POL"]
[Date "1974.??.??"]
[Round "15"]
[White "Liebert, Heinz"]
[Black "Pytel, Krzysztof"]
[Result "1/2-1/2"]
[WhiteElo "2445"]
[BlackElo "2405"]
[EventDate "1974.07.15"]
[PlyCount "24"]

1.e4 e6 2.d4 d5 3.Nd2 c5 4.exd5 exd5 5.Bb5+ Bd7 6.Qe2+ Qe7 7.Bxd7+ Nxd7 8.
dxc5 Nxc5 9.Nb3 O-O-O 10.Qxe7 Bxe7 11.Nxc5 Bxc5 12.Nf3 Ne7 1/2-1/2

[Event "10th PKWN Festival it"]
[Site "Lublin POL"]
[Date "1974.??.??"]
[Round "15"]
[White "Pribyl, Josef"]
[Black "Anikaev, Yury"]
[Result "1/2-1/2"]
[WhiteElo "2455"]
[BlackElo "2455"]
[EventDate "1974.07.15"]
[PlyCount "101"]

1.e4 e5 2.Nf3 Nf6 3.Nxe5 d6 4.Nf3 Nxe4 5.Qe2 Qe7 6.d3 Nf6 7.Nc3 Bg4 8.
Qxe7+ Bxe7 9.Be2 Nc6 10.h3 Bd7 11.Bf4 O-O-O 12.O-O-O Nb4 13.Rhe1 Nfd5 14.
Nxd5 Nxd5 15.Bd2 h6 16.c4 Nf6 17.Bf1 Rde8 18.Bc3 Bd8 19.Kd2 Rxe1 20.Rxe1 
Ne8 21.d4 Bf6 22.Bd3 g6 23.b4 a6 24.d5 Bxc3+ 25.Kxc3 Nf6 26.Kd4 Re8 27.
Rxe8+ Bxe8 28.Nd2 b6 29.g4 Kb7 30.f4 c5+ 31.dxc6+ Kxc6 32.Be4+ Kc7 33.Bd5 
Nxd5 34.cxd5 Bb5 35.h4 Be2 36.g5 hxg5 37.hxg5 Kd7 38.Ne4 Bf3 39.Nc3 Bg4 
40.a4 Bh3 41.a5 bxa5 42.bxa5 Ke7 43.Ne4 Bf5 44.Nc3 Bh3 45.Na2 f5 46.Nb4 
Bf1 47.Nc6+ Kd7 48.Kc3 Ke8 49.Nd4 Ke7 50.Ne6 Ke8 51.Kd4 1/2-1/2